Movies Quiz

Random Movies or Oscar Quiz

Oscar Big Five Quiz Stats

 Plays Quiz not verified by Sporcle

Support Sporcle.
Go Orange.
Score 0/43 Timer 06:00
0 Plays Today
Year Movie % Correct
1991Silence of the Lambs
85.6%
1999American Beauty
77.2%
1939Gone With the Wind
76.7%
1975One Flew Over the Cuckoo's Nest
76.1%
1976Rocky
71.1%
1934It Happened One Night
70%
1977Annie Hall
70%
2004Million Dollar Baby
68.3%
2016La La Land
65.8%
1996The English Patient
64.4%
1976Network
62.8%
2012Silver Linings Playbook
56.7%
1981Reds
55%
2013American Hustle
55%
1940Rebecca
52.8%
1960The Apartment
51.7%
1967The Graduate
47.8%
1953From Here to Eternity
46.1%
1974Chinatown
46.1%
1981On Golden Pond
45%
1966Who's Afraid of Virginia Woolf?
43.9%
1951A Streetcar Named Desire
43.3%
Year Movie % Correct
1978Coming Home
43.3%
1942Mrs. Miniver
42.8%
1967Guess Who's Coming to Dinner
42.2%
1967Bonnie and Clyde
42.2%
1993The Remains of The Day
34.4%
1950Sunset Boulevard
32.2%
1947Gentleman's Agreement
31.1%
1970Love Story
30.6%
1968The Lion in Winter
30%
1931Cimarron
28.3%
1940The Philadelphia Story
28.3%
1981Atlantic City
21.7%
1951A Place in the Sun
20%
1961The Hustler
19.4%
1958Cat on a Hot Tin Roof
18.9%
1974Lenny
18.9%
1959Room at the Top
17.8%
1948Johnny Belinda
16.1%
1939Goodbye, Mr. Chips
13.9%
1937A Star Is Born
12.8%
1954The Country Girl
12.2%

You're not logged in!

Compare scores with friends on all Sporcle quizzes.
OR
Log In

From the Vault

5-Letter Ends in 'S'

by sproutcm

Thisss quiz is first-classss.
Remove Ads.
Support Sporcle.
Get the best of Sporcle when you Go Orange. This ad-free experience offers more features, more stats, and more fun while also helping to support Sporcle. Thank you for becoming a member.

Show Comments

Extras

Top Quizzes Today


Score Distribution

Your Account Isn't Verified!

In order to create a playlist on Sporcle, you need to verify the email address you used during registration. Go to your Sporcle Settings to finish the process.

Report this User

Report this user for behavior that violates our Community Guidelines.

Details: